000
00266nam a2200133Ia 4500
100
_a
Abbey S.
942
_c
BK
654
_a
Lathe.
245
_a
How to run a lathe.
260
_b
South bend lathe
_c
2001
082
_a
621.942
300
_a
128
546
_a
ENGLISH
999
_c
28971
_d
28971